| 000 | 00486nam a22001817a 4500 | ||
|---|---|---|---|
| 003 | OSt | ||
| 005 | 20180116183005.0 | ||
| 008 | 150806b xxu||||| |||| 00| 0 eng d | ||
| 020 | _a9789332519114 | ||
| 040 | _c0 | ||
| 082 |
_27th _a519.5 HOG 2014 |
||
| 100 | _aRobert V. Hogg | ||
| 245 |
_aIntroduction to Mathematical Statistics _cRobert V. Hogg |
||
| 260 |
_aIndia _bPearson _c2014 |
||
| 300 |
_a650 p. _bPB |
||
| 440 | _aIntroduction to Mathematical Statistics | ||
| 942 |
_2ddc _cBK |
||
| 999 |
_c350024 _d350024 |
||